[Event "BLR-ch 90th"]
[Site "Minsk"]
[Date "2024.01.16"]
[Round "7"]
[White "Gvozdev, Timur"]
[Black "Bialiauski, Artsiom"]
[Result "1/2-1/2"]
[WhiteElo "1906"]
[BlackElo "1894"]
[PlyCount "65"]
[EventDate "2024.01.10"]
[EventType "tourn"]
[EventRounds "9"]
[EventCountry "BLR"]
[EventCategory "2"]
[SourceTitle "CB04_2024"]
[SourceDate "2023.10.16"]
[SourceVersion "1"]
[SourceVersionDate "2023.10.16"]
[SourceQuality "1"]

1. e4 e5 2. Nf3 Nc6 3. Bb5 a6 4. Ba4 Nf6 5. 0-0 Nxe4 6. d4 b5 7. Bb3 d5 8. dxe5 Be6 9. c3 Be7 10. Nbd2 0-0 11. Bc2 Nxd2 12. Bxd2 Qd7 13. Bf4 f6 14. Qd3 g6 15. Qd2 fxe5 16. Nxe5 Nxe5 17. Bxe5 Bd6 18. Rae1 Rae8 19. f4 Bf7 20. Bxd6 Qxd6 21. f5 Rxe1 22. Rxe1 Re8 23. Rxe8+ Bxe8 24. Qe3 Bf7 25. b4 Qf6 26. g4 g5 27. a3 h6 28. Bd1 Kg7 29. Bf3 Qb6 30. Qxb6 cxb6 31. Kf2 Kf6 32. Ke3 Ke5 33. Bd1 1/2-1/2

[Event "BLR-ch 90th"]
[Site "Minsk"]
[Date "2024.01.15"]
[Round "6"]
[White "Bialiauski, Artsiom"]
[Black "Zarubitski, Viachaslau"]
[Result "0-1"]
[WhiteElo "1894"]
[BlackElo "2421"]
[PlyCount "64"]
[EventDate "2024.01.10"]
[EventType "tourn"]
[EventRounds "9"]
[EventCountry "BLR"]
[EventCategory "2"]
[SourceTitle "CB04_2024"]
[SourceDate "2023.10.16"]
[SourceVersion "1"]
[SourceVersionDate "2023.10.16"]
[SourceQuality "1"]

1. d4 Nf6 2. Nf3 g6 3. c4 Bg7 4. Nc3 0-0 5. e4 d6 6. h3 c5 7. d5 e6 8. Be3 exd5 9. cxd5 Re8 10. Nd2 Na6 11. Be2 Nc7 12. a4 b6 13. Qc2 Na6 14. Rd1 Nb4 15. Qb1 a6 16. 0-0 Nd7 17. f4 Bxc3 18. bxc3 Nxd5 19. exd5 Rxe3 20. Bf3 b5 21. axb5 axb5 22. Qxb5 Ba6 23. Qc6 Bxf1 24. Rxf1 Rxc3 25. Ne4 Rb3 26. Rd1 Kg7 27. Nxd6 Rb6 28. Nb7 Qe8 29. Kh1 Rxc6 30. dxc6 Nb6 31. Nd6 Qe7 32. c7 Rc8 0-1

[Event "BLR-ch 90th"]
[Site "Minsk"]
[Date "2024.01.13"]
[Round "4"]
[White "Bialiauski, Artsiom"]
[Black "Kramich, Aliaksei"]
[Result "0-1"]
[WhiteElo "1894"]
[BlackElo "2113"]
[PlyCount "74"]
[EventDate "2024.01.10"]
[EventType "tourn"]
[EventRounds "9"]
[EventCountry "BLR"]
[EventCategory "2"]
[SourceTitle "CB04_2024"]
[SourceDate "2023.10.16"]
[SourceVersion "1"]
[SourceVersionDate "2023.10.16"]
[SourceQuality "1"]

1. d4 Nf6 2. Nf3 g6 3. g3 Bg7 4. c4 0-0 5. Bg2 d6 6. 0-0 Nc6 7. d5 Na5 8. Nfd2 c5 9. Nc3 a6 10. Qc2 Rb8 11. Rb1 e6 12. a3 exd5 13. cxd5 c4 14. b4 cxb3 15. Nxb3 Nd7 16. Ne4 Nxb3 17. Qxb3 Nf6 18. Nxd6 Bg4 19. Nxb7 Qd7 20. Bf4 Rbc8 21. e4 Nh5 22. Bd6 Rc3 23. Qb6 Rfc8 24. Bb4 Rc2 25. Nc5 Qe8 26. Rbc1 Rb2 27. Nxa6 Be2 28. Rfe1 Rd8 29. Nc7 Qd7 30. Qe3 Bg4 31. e5 Qf5 32. e6 fxe6 33. dxe6 Rd3 34. Qc5 Rxf2 35. Qxf5 Rxf5 36. e7 Bd4+ 37. Kh1 Nxg3+ 0-1

[Event "BLR-ch sf"]
[Site "Minsk"]
[Date "2023.12.10"]
[Round "4"]
[White "Krukouski, Serafim"]
[Black "Bialiauski, Artsiom"]
[Result "0-1"]
[WhiteElo "1636"]
[BlackElo "1809"]
[PlyCount "80"]
[EventDate "2023.12.07"]
[EventType "swiss"]
[EventRounds "9"]
[EventCountry "BLR"]
[SourceTitle "CB51_2023"]
[SourceDate "2023.12.20"]
[SourceVersion "1"]
[SourceVersionDate "2023.12.20"]
[SourceQuality "1"]

1. e4 e5 2. Nc3 Nc6 3. Nf3 Nf6 4. g3 d5 5. exd5 Nxd5 6. Bg2 Nxc3 7. bxc3 Bc5 8. 0-0 0-0 9. Qe2 Re8 10. Qc4 Bb6 11. d3 Be6 12. Qa4 f6 13. Bb2 Qd7 14. Rfe1 Rad8 15. Nd2 Bd5 16. Ne4 f5 17. c4 Bxe4 18. dxe4 f4 19. c5 Ba5 20. c3 Rf8 21. Rad1 Qe7 22. Rd5 Qf6 23. Qb3 Kh8 24. Red1 Rb8 25. Qc2 Nd8 26. Ba3 Nc6 27. R1d2 Rf7 28. Bf1 b5 29. Qb3 b4 30. cxb4 Bxb4 31. Rd6 cxd6 32. Rxd6 Qe7 33. Rxc6 Qe8 34. Re6 Qf8 35. Bxb4 fxg3 36. Qxg3 Rxb4 37. Qxe5 Rb8 38. Qd4 Rf4 39. h3 Qf7 40. Qe5 Rf8 0-1

[Event "BLR-ch sf"]
[Site "Minsk"]
[Date "2023.12.09"]
[Round "3"]
[White "Bialiauski, Artsiom"]
[Black "Tolkatch, Roman"]
[Result "1-0"]
[WhiteElo "1809"]
[BlackElo "1439"]
[PlyCount "99"]
[EventDate "2023.12.07"]
[EventType "swiss"]
[EventRounds "9"]
[EventCountry "BLR"]
[SourceTitle "CB51_2023"]
[SourceDate "2023.12.20"]
[SourceVersion "1"]
[SourceVersionDate "2023.12.20"]
[SourceQuality "1"]

1. d4 Nf6 2. c4 g6 3. Nc3 Bg7 4. e4 d6 5. Nf3 0-0 6. h3 e5 7. d5 Nh5 8. g3 f5 9. exf5 gxf5 10. Nh4 Qe8 11. Be2 Nf6 12. Be3 a5 13. Qd2 Qe7 14. f4 exf4 15. Bxf4 Ne4 16. Nxe4 fxe4 17. Ng2 a4 18. Rb1 Nd7 19. 0-0 Ne5 20. g4 Bd7 21. Bg5 Qe8 22. Rxf8+ Qxf8 23. Rf1 Qe8 24. Bf6 Qg6 25. Nh4 Qxf6 26. Rxf6 Bxf6 27. Qh6 Rf8 28. Nf5 Bxf5 29. gxf5 Nd3 30. Bxd3 exd3 31. Qd2 Be5 32. Qxd3 Bxb2 33. Qe4 Be5 34. c5 a3 35. Kf2 b6 36. cxb6 cxb6 37. Ke2 Rf6 38. Kd3 Kf7 39. Kc4 Bb2 40. Kb5 Kg7 41. Kxb6 Kf7 42. Kc6 Kf8 43. Kd7 Kf7 44. Qe6+ Kg7 45. Kxd6 Kf8 46. Kd7 Rf7+ 47. Kc8 Rf6 48. d6 Rxe6 49. fxe6 Bf6 50. Kd7 1-0

[Event "BLR-ch sf"]
[Site "Minsk"]
[Date "2023.12.07"]
[Round "1"]
[White "Bialiauski, Artsiom"]
[Black "Darokhin, Dary"]
[Result "1-0"]
[WhiteElo "1809"]
[BlackElo "1328"]
[PlyCount "71"]
[EventDate "2023.12.07"]
[EventType "swiss"]
[EventRounds "9"]
[EventCountry "BLR"]
[SourceTitle "CB51_2023"]
[SourceDate "2023.12.20"]
[SourceVersion "1"]
[SourceVersionDate "2023.12.20"]
[SourceQuality "1"]

1. d4 c5 2. d5 Nf6 3. Nf3 d6 4. c4 b5 5. cxb5 a6 6. bxa6 Bxa6 7. Nc3 g6 8. e4 Bxf1 9. Kxf1 Bg7 10. g3 0-0 11. Kg2 Nbd7 12. Re1 Ng4 13. Nd2 Nge5 14. Qe2 Nb6 15. a4 Ned7 16. Qd1 e6 17. dxe6 fxe6 18. a5 Bxc3 19. bxc3 Qf6 20. Qe2 Qxc3 21. Ra3 Qb4 22. axb6 Rxa3 23. Bxa3 Qxa3 24. Qb5 Ne5 25. b7 Qa7 26. Rb1 Rb8 27. Nf3 Nxf3 28. Kxf3 Rf8+ 29. Kg2 Qb8 30. Qd7 e5 31. Rb6 Rf7 32. Qc8+ Rf8 33. Rc6 Kf7 34. Rc7+ Kf6 35. Qxf8+ Qxf8 36. Rc8 1-0

[Event "Minsk op"]
[Site "Minsk"]
[Date "2023.11.06"]
[Round "4"]
[White "Dorashava, Viktoryia"]
[Black "Bialiauski, Artsiom"]
[Result "1-0"]
[WhiteElo "1567"]
[BlackElo "1919"]
[PlyCount "62"]
[EventDate "2023.11.03"]
[EventType "swiss"]
[EventRounds "9"]
[EventCountry "BLR"]
[SourceTitle "CB46_2023"]
[SourceDate "2023.11.15"]
[SourceVersion "1"]
[SourceVersionDate "2023.11.15"]
[SourceQuality "1"]

1. d4 Nf6 2. c4 e6 3. Nc3 d5 4. cxd5 exd5 5. Bg5 c6 6. e3 Bd6 7. Bd3 Nbd7 8. Nge2 0-0 9. f3 Re8 10. Qc1 h6 11. Bh4 Nf8 12. 0-0 Bd7 13. Qd2 Rc8 14. Rad1 Bb8 15. Bf2 Ne6 16. Bb1 g6 17. Kh1 Ng7 18. e4 dxe4 19. Nxe4 Kh7 20. Qc1 Nd5 21. Rfe1 b6 22. Bg3 Nf5 23. Bxb8 Rxb8 24. N2c3 Rc8 25. Qd2 Nf6 26. d5 Nxd5 27. Nxd5 cxd5 28. Qxd5 Bc6 29. Qxf7+ Ng7 30. Rxd8 Rexd8 31. Nf6+ Kh8 1-0

[Event "Minsk op"]
[Site "Minsk"]
[Date "2023.11.04"]
[Round "2"]
[White "Siarkou, Aliaksandr"]
[Black "Bialiauski, Artsiom"]
[Result "0-1"]
[WhiteElo "1272"]
[BlackElo "1919"]
[PlyCount "66"]
[EventDate "2023.11.03"]
[EventType "swiss"]
[EventRounds "9"]
[EventCountry "BLR"]
[SourceTitle "CB46_2023"]
[SourceDate "2023.11.15"]
[SourceVersion "1"]
[SourceVersionDate "2023.11.15"]
[SourceQuality "1"]

1. e4 e5 2. Nf3 d6 3. d4 exd4 4. Nxd4 Nf6 5. Nc3 Be7 6. Bf4 0-0 7. Qd2 a6 8. 0-0-0 Nc6 9. f3 Nxd4 10. Qxd4 b5 11. g4 c5 12. Qd2 b4 13. Nd5 Nxd5 14. exd5 Bh4 15. Bg3 a5 16. Bxh4 Qxh4 17. h3 a4 18. Qf4 Rd8 19. Bd3 Bb7 20. Bc4 a3 21. Rhe1 Ba6 22. b3 Bxc4 23. bxc4 g6 24. Re4 Qxh3 25. Ree1 Qh4 26. Rh1 Qe7 27. g5 Ra7 28. Rxh7 Kxh7 29. Qh4+ Kg8 30. Rh1 Qe3+ 31. Kd1 Qe5 32. Qh7+ Kf8 33. Qh8+ Qxh8 0-1

[Event "Minsk Kupreichik Memorial op"]
[Site "Minsk"]
[Date "2023.04.24"]
[Round "6"]
[White "Klachkou, Platon"]
[Black "Bialiauski, Artsiom"]
[Result "0-1"]
[WhiteElo "2070"]
[BlackElo "1934"]
[PlyCount "114"]
[EventDate "2023.04.21"]
[EventType "swiss"]
[EventRounds "7"]
[EventCountry "BLR"]
[SourceTitle "CBM 214 Extra"]
[Source "ChessBase"]
[SourceDate "2023.07.31"]
[SourceVersion "1"]
[SourceVersionDate "2023.07.31"]
[SourceQuality "1"]

1. Nf3 Nf6 2. d4 d5 3. e3 e6 4. Nbd2 c5 5. c3 Nc6 6. Bd3 b6 7. Bb5 Bd7 8. Qe2 Qc7 9. 0-0 Rd8 10. a3 Bd6 11. b4 0-0 12. bxc5 bxc5 13. dxc5 Bxc5 14. c4 Rb8 15. Bb2 dxc4 16. Bxf6 gxf6 17. Bxc4 Be7 18. Rfc1 Rfc8 19. Nb3 Qb6 20. Rd1 Be8 21. Ra2 Na5 22. Nxa5 Qxa5 23. Nd4 Kh8 24. h3 Rd8 25. Rf1 Rbc8 26. Bd3 f5 27. Qh5 Bf6 28. Nxf5 Be7 29. Bb1 f6 30. Qg4 exf5 31. Bxf5 Rc7 32. Rc2 Bd7 33. Qh5 Bxf5 34. Rxc7 Qxc7 35. Qxf5 Qe5 36. Qc2 Bxa3 37. Rb1 Qe7 38. Qc6 a5 39. g3 Bb4 40. Rc1 Qd6 41. Qe4 a4 42. Rc4 a3 43. Rxb4 a2 44. Rb7 a1Q+ 45. Kh2 f5 46. Qh4 Rd7 47. Rb4 Qaf6 48. Qc4 Kg7 49. Ra4 Qc6 50. Qa2 Qd5 51. Qe2 Re7 52. Ra6 Qff7 53. Qb2+ Qe5 54. Qb4 Re6 55. Ra5 Qe4 56. Qb2+ Rf6 57. Re5 Qfb7 0-1

[Event "Minsk Kupreichik Memorial op"]
[Site "Minsk"]
[Date "2023.04.23"]
[Round "4"]
[White "Krukouski, Serafim"]
[Black "Bialiauski, Artsiom"]
[Result "0-1"]
[WhiteElo "1717"]
[BlackElo "1934"]
[PlyCount "106"]
[EventDate "2023.04.21"]
[EventType "swiss"]
[EventRounds "7"]
[EventCountry "BLR"]
[SourceTitle "CBM 214 Extra"]
[Source "ChessBase"]
[SourceDate "2023.07.31"]
[SourceVersion "1"]
[SourceVersionDate "2023.07.31"]
[SourceQuality "1"]

1. e4 e5 2. Nc3 Bc5 3. Bc4 Nf6 4. d3 h6 5. f4 d6 6. Nf3 Nc6 7. Na4 Bb6 8. Nxb6 axb6 9. fxe5 Nxe5 10. Nxe5 dxe5 11. Qf3 Qe7 12. 0-0 Be6 13. Bxe6 Qxe6 14. a3 Kf8 15. Bd2 Nd7 16. Qg3 f6 17. Rf5 Kf7 18. Raf1 c5 19. Qf2 Rad8 20. Bc3 Rhe8 21. h4 c4 22. Bb4 cxd3 23. cxd3 Nc5 24. Bxc5 bxc5 25. Qxc5 Rxd3 26. Rxe5 Qxe5 27. Qc4+ Kg6 28. Qxd3 Qxe4 29. Qd7 Re7 30. Qd6 Re5 31. Qd7 Qxh4 32. Qd3+ Qe4 33. Qxe4+ Rxe4 34. Rf2 Re1+ 35. Kh2 Re3 36. Rc2 f5 37. a4 Rb3 38. a5 Rb5 39. a6 bxa6 40. Rc6+ Kh5 41. Rxa6 Rxb2 42. Ra7 g6 43. Kg3 Rb3+ 44. Kf4 Rb4+ 45. Kg3 Kg5 46. Ra3 h5 47. Rc3 h4+ 48. Kh3 Kh5 49. Rc5 Rb3+ 50. Kh2 Kg4 51. Rc6 g5 52. Rc4+ f4 53. Ra4 h3 0-1

[Event "Minsk Kupreichik Memorial op"]
[Site "Minsk"]
[Date "2023.04.22"]
[Round "2"]
[White "Bialiauski, Artsiom"]
[Black "Poliakova, Varvara"]
[Result "1-0"]
[WhiteElo "1934"]
[BlackElo "2043"]
[PlyCount "119"]
[EventDate "2023.04.21"]
[EventType "swiss"]
[EventRounds "7"]
[EventCountry "BLR"]
[SourceTitle "CBM 214 Extra"]
[Source "ChessBase"]
[SourceDate "2023.07.31"]
[SourceVersion "1"]
[SourceVersionDate "2023.07.31"]
[SourceQuality "1"]

1. d4 Nf6 2. Nf3 e6 3. g3 b6 4. Bg2 Bb7 5. 0-0 Be7 6. c4 d6 7. Qc2 Nbd7 8. Nc3 0-0 9. Rd1 Qc8 10. Bf4 Nh5 11. Be3 f5 12. Rac1 Ndf6 13. d5 e5 14. Ng5 g6 15. Ne6 Rf7 16. Ng5 Rf8 17. Ne6 Rf7 18. b4 Ng7 19. c5 bxc5 20. bxc5 Nxe6 21. dxe6 Rf8 22. c6 Ba6 23. Qa4 Rd8 24. Bg5 Kg7 25. Rb1 e4 26. Bf1 Re8 27. Rb3 e3 28. Bxe3 d5 29. Nxd5 Nxd5 30. Rxd5 Qxe6 31. Re5 Qc4 32. Qxc4 Bxc4 33. Rb7 Bd6 34. Rxe8 Rxe8 35. a4 a6 36. Bd4+ Kf7 37. e3 Bxf1 38. Kxf1 Ke6 39. Ra7 Kd5 40. Rxa6 Rb8 41. Ke2 Rb3 42. Kd2 Rb1 43. h4 Rf1 44. Ke2 Rc1 45. Kd3 Rd1+ 46. Kc3 Rc1+ 47. Kb3 Rb1+ 48. Kc2 Rf1 49. Kc3 Rc1+ 50. Kd3 Rd1+ 51. Ke2 Rc1 52. Kf3 Rc4 53. h5 gxh5 54. Ra8 Kxc6 55. a5 Ra4 56. a6 Kd7 57. a7 c5 58. Rh8 Rxa7 59. Rxh7+ Be7 60. Rxe7+ 1-0

[Event "Moscow Botvinnik Memorial Cup"]
[Site "Moscow"]
[Date "2022.08.19"]
[Round "3.4"]
[White "Sezdbekov, Ruslan"]
[Black "Bialiauski, Artsiom"]
[Result "1-0"]
[WhiteElo "2257"]
[BlackElo "1988"]
[PlyCount "81"]
[EventDate "2022.08.18"]
[EventType "team-tourn"]
[EventRounds "9"]
[EventCountry "RUS"]
[SourceTitle "CBM 209 Extra"]
[Source "ChessBase"]
[SourceDate "2022.09.30"]
[SourceVersion "1"]
[SourceVersionDate "2022.09.30"]
[SourceQuality "1"]
[WhiteTeam "Kyrgyzstan"]
[BlackTeam "Belarus"]
[WhiteTeamCountry "KGZ"]
[BlackTeamCountry "BLR"]

1. e4 e5 2. Nf3 Nc6 3. d4 exd4 4. Nxd4 Nf6 5. Nxc6 bxc6 6. e5 Qe7 7. Qe2 Nd5 8. c4 Ba6 9. Qe4 Nb6 10. b3 g6 11. Bb2 Bg7 12. Nd2 0-0 13. Bd3 Rfe8 14. f4 d6 15. Nf3 dxe5 16. fxe5 Qb4+ 17. Kf2 Na4 18. Bd4 Nc5 19. Qe3 Ne6 20. Rhe1 Rad8 21. Bb2 Bf8 22. Kf1 Bh6 23. Qxh6 Rxd3 24. Re2 Red8 25. Rae1 Rd1 26. Ng5 Rxe1+ 27. Rxe1 Nxg5 28. Qxg5 Qd2 29. Qf6 Rf8 30. Bc1 Qd3+ 31. Kg1 Qd4+ 32. Kh1 Qd8 33. Bh6 Qxf6 34. exf6 Rb8 35. h4 Rc8 36. Re5 Bb7 37. Kg1 Rd8 38. Kf2 Bc8 39. Re7 Bf5 40. Rxc7 Rd2+ 41. Bxd2 1-0

[Event "BLR-ch U20"]
[Site "Minsk"]
[Date "2022.04.18"]
[Round "7"]
[White "Bialiauski, Artsiom"]
[Black "Vainerchuk, Barys"]
[Result "1/2-1/2"]
[WhiteElo "1996"]
[BlackElo "1997"]
[PlyCount "60"]
[EventDate "2022.04.13"]
[EventType "tourn"]
[EventRounds "11"]
[EventCountry "BLR"]
[SourceTitle "CBM 207 Extra"]
[Source "ChessBase"]
[SourceDate "2022.05.31"]
[SourceVersion "1"]
[SourceVersionDate "2022.05.31"]
[SourceQuality "1"]

1. d4 d5 2. Nf3 Nc6 3. c4 Bg4 4. cxd5 Bxf3 5. dxc6 Bxc6 6. Nc3 Nf6 7. f3 e6 8. e4 Be7 9. Be3 b6 10. Rc1 Bb7 11. Bd3 0-0 12. 0-0 c5 13. dxc5 Bxc5 14. Bxc5 bxc5 15. Kh1 Rc8 16. Qe2 Qa5 17. Rfd1 Rfd8 18. Bb1 Rd4 19. Qb5 Qb6 20. Qxb6 axb6 21. Rxd4 cxd4 22. Ne2 Rxc1+ 23. Nxc1 Nd7 24. Bd3 Bc6 25. Kg1 Kf8 26. Kf2 Ke7 27. Ke1 e5 28. Bc4 g6 29. Ne2 Nc5 30. Kd2 Nb7 1/2-1/2

[Event "BLR-ch U20"]
[Site "Minsk"]
[Date "2022.04.16"]
[Round "5"]
[White "Bialiauski, Artsiom"]
[Black "Lazavik, Denis"]
[Result "0-1"]
[WhiteElo "1996"]
[BlackElo "2483"]
[PlyCount "66"]
[EventDate "2022.04.13"]
[EventType "tourn"]
[EventRounds "11"]
[EventCountry "BLR"]
[SourceTitle "CBM 207 Extra"]
[Source "ChessBase"]
[SourceDate "2022.05.31"]
[SourceVersion "1"]
[SourceVersionDate "2022.05.31"]
[SourceQuality "1"]

1. Nf3 d5 2. g3 Nd7 3. d4 Nb6 4. Bg2 Bf5 5. 0-0 e6 6. b3 Be7 7. Bb2 Nf6 8. Nbd2 0-0 9. Nh4 h5 10. Nxf5 exf5 11. Nf3 g6 12. Ne5 c6 13. a4 Nbd7 14. Nd3 h4 15. c4 Ne4 16. cxd5 cxd5 17. Rc1 Bd6 18. Nc5 Rb8 19. Ba3 Ndf6 20. Rc2 hxg3 21. hxg3 Kg7 22. Nxe4 dxe4 23. Bb2 Nd5 24. Qd2 Qe7 25. e3 Qe6 26. Rc4 Rh8 27. f4 g5 28. Rc5 gxf4 29. exf4 Rh6 30. g4 Rg6 31. g5 f6 32. Qe2 fxg5 33. Bxe4 gxf4+ 0-1

[Event "BLR-ch U20"]
[Site "Minsk"]
[Date "2022.04.14"]
[Round "3"]
[White "Silich, Yahor"]
[Black "Bialiauski, Artsiom"]
[Result "1-0"]
[WhiteElo "2221"]
[BlackElo "1996"]
[PlyCount "148"]
[EventDate "2022.04.13"]
[EventType "tourn"]
[EventRounds "11"]
[EventCountry "BLR"]
[SourceTitle "CBM 207 Extra"]
[Source "ChessBase"]
[SourceDate "2022.05.31"]
[SourceVersion "1"]
[SourceVersionDate "2022.05.31"]
[SourceQuality "1"]

1. e4 e5 2. Nf3 Nc6 3. Bc4 Bc5 4. 0-0 Nf6 5. d3 d6 6. c3 a6 7. a4 0-0 8. Nbd2 h6 9. Re1 Ba7 10. h3 Re8 11. b4 Be6 12. Bxe6 Rxe6 13. Qc2 Qd7 14. Nf1 Rd8 15. Ng3 d5 16. Rb1 Ne7 17. c4 dxc4 18. dxc4 Nc6 19. c5 Qd3 20. Qxd3 Rxd3 21. Be3 a5 22. bxa5 Nxa5 23. Rb5 b6 24. Nxe5 Ra3 25. Rd1 Rxa4 26. Rd8+ Kh7 27. Nxf7 Nxe4 28. Nxe4 Raxe4 29. Rc8 Re7 30. Nd8 c6 31. Nxc6 Nxc6 32. cxb6 Bxb6 33. Rxb6 Ne5 34. Rbb8 Nc4 35. Bc5 Rf7 36. g3 Ne5 37. Kg2 Nd3 38. Be3 Ne1+ 39. Kh1 Nd3 40. Rh8+ Kg6 41. Rb6+ Rf6 42. Rxf6+ Kxf6 43. Rd8 Ne1 44. Rc8 Re7 45. Kg1 Nf3+ 46. Kg2 Ne1+ 47. Kf1 Nf3 48. Rc3 Ng5 49. Kg2 Ne6 50. Rc6 Kf7 51. g4 Rd7 52. Rc4 Rc7 53. Rb4 Rc3 54. Rb5 Ra3 55. Rd5 Rb3 56. Rf5+ Kg8 57. Re5 Kf7 58. f4 h5 59. gxh5 Rxe3 60. Rxe3 Nxf4+ 61. Kg3 Nxh5+ 62. Kg4 Nf6+ 63. Kf5 Nh7 64. Rg3 Nf8 65. Ra3 g6+ 66. Kg5 Ne6+ 67. Kh6 g5 68. Rf3+ Ke7 69. Kg6 Kd6 70. Kf6 Kd5 71. Rd3+ Ke4 72. Kxe6 Kxd3 73. Kf5 Kd4 74. Kxg5 Ke5 1-0

[Event "BLR-ch U20"]
[Site "Minsk"]
[Date "2022.04.13"]
[Round "2"]
[White "Bialiauski, Artsiom"]
[Black "Hryharovich, Aliaksei"]
[Result "1-0"]
[WhiteElo "1996"]
[BlackElo "2100"]
[PlyCount "115"]
[EventDate "2022.04.13"]
[EventType "tourn"]
[EventRounds "11"]
[EventCountry "BLR"]
[SourceTitle "CBM 207 Extra"]
[Source "ChessBase"]
[SourceDate "2022.05.31"]
[SourceVersion "1"]
[SourceVersionDate "2022.05.31"]
[SourceQuality "1"]

1. d4 Nf6 2. Nf3 e6 3. g3 d5 4. Bg2 Be7 5. c4 0-0 6. 0-0 dxc4 7. Ne5 Nc6 8. Bxc6 bxc6 9. Nxc6 Qe8 10. Nxe7+ Qxe7 11. Qa4 Bb7 12. Qxc4 Rac8 13. Nc3 c5 14. dxc5 Rxc5 15. Qb4 Qc7 16. Bf4 Qc6 17. f3 a5 18. Qa3 Rc8 19. Be3 Rc4 20. Qxa5 Nd5 21. Nxd5 exd5 22. Rac1 h6 23. Qd2 Qe6 24. Rxc4 Rxc4 25. b3 Rc8 26. Bd4 Ba6 27. Re1 Qg6 28. a4 Rc2 29. Qe3 Qc6 30. b4 Qxa4 31. Qe5 f6 32. Qxd5+ Kh8 33. Qd8+ Kh7 34. Qe7 Rxe2 35. Rxe2 Qd1+ 36. Re1 Qxd4+ 37. Qe3 Qxb4 38. Qe4+ Qxe4 39. Rxe4 Bb7 40. Re3 Bd5 41. Rd3 Be6 42. Kf2 Bf5 43. Rc3 g5 44. Ke3 Kg6 45. Kd4 Bh3 46. Kd5 Bg2 47. Ke6 h5 48. Ke7 Kg7 49. Ra3 h4 50. gxh4 gxh4 51. f4 Kg6 52. Ra6 Kf5 53. Rxf6+ Ke4 54. Kf7 Ke3 55. Kg6 h3 56. Kg5 Kf3 57. Rb6 Kf2 58. Kg4 1-0

[Event "BLR-ch 1st League"]
[Site "Minsk"]
[Date "2021.12.14"]
[Round "6"]
[White "Bialiauski, Artsiom"]
[Black "Volianuk, Vitaly"]
[Result "1/2-1/2"]
[WhiteElo "2025"]
[BlackElo "2267"]
[PlyCount "133"]
[EventDate "2021.12.09"]
[EventType "swiss"]
[EventRounds "9"]
[EventCountry "BLR"]
[SourceTitle "EXT 2023"]
[Source "ChessBase"]
[SourceDate "2022.10.05"]
[SourceVersion "1"]
[SourceVersionDate "2022.10.05"]
[SourceQuality "1"]

1. d4 d6 2. Nf3 Nd7 3. c4 e5 4. Nc3 Ngf6 5. g3 g6 6. Bg2 Bg7 7. 0-0 0-0 8. b3 Re8 9. Bb2 c6 10. Qc2 exd4 11. Nxd4 a5 12. h3 Nc5 13. e4 Qb6 14. Rad1 a4 15. Bc1 axb3 16. axb3 Nfd7 17. Be3 Bxd4 18. Rxd4 Qxb3 19. Qxb3 Nxb3 20. Rxd6 Ne5 21. c5 Nc4 22. Rb1 Ra3 23. Rd3 Nxe3 24. Rxe3 Nxc5 25. e5 Bf5 26. Rd1 Kf8 27. g4 Bc8 28. Kh2 g5 29. Rd6 Be6 30. Kg3 Na4 31. Ne4 Rxe3+ 32. fxe3 h6 33. Rd4 Ra8 34. Rb4 b5 35. Nf6 Rc8 36. h4 gxh4+ 37. Kxh4 Nb6 38. Rd4 Nc4 39. Bxc6 Nxe5 40. Be4 Rc4 41. g5 hxg5+ 42. Kxg5 b4 43. Kf4 Ng6+ 44. Kg5 b3 45. Rd8+ Ke7 46. Re8+ Kd6 47. Bxg6 fxg6 48. Rb8 Kc7 49. Rb5 Kc6 50. Rb8 Bf7 51. Ng4 Rc5+ 52. Kf4 g5+ 53. Ke4 Rc4+ 54. Kf5 Rc5+ 55. Ke4 Bd5+ 56. Kf5 Bc4+ 57. Ne5+ Kc7 58. Rb4 Kd6 59. Rb6+ Kc7 60. Rb4 Kd6 61. Rb6+ Kd5 62. Rb4 Rb5 63. Rxc4 b2 64. Rd4+ Kc5 65. Rd1 b1Q+ 66. Rxb1 Rxb1 67. Ng4 1/2-1/2

[Event "BLR-ch U20"]
[Site "Minsk"]
[Date "2021.04.17"]
[Round "2"]
[White "Galkin, Gleb"]
[Black "Bialiauski, Artsiom"]
[Result "1-0"]
[WhiteElo "2225"]
[BlackElo "2077"]
[PlyCount "57"]
[EventDate "2021.04.16"]
[EventType "tourn"]
[EventRounds "7"]
[EventCountry "BLR"]
[EventCategory "2"]
[SourceTitle "CBM 202 Extra"]
[Source "ChessBase"]
[SourceDate "2021.07.31"]
[SourceVersion "1"]
[SourceVersionDate "2021.07.31"]
[SourceQuality "1"]

1. d4 d5 2. c4 e6 3. Nf3 dxc4 4. e3 Nf6 5. Bxc4 c5 6. 0-0 cxd4 7. exd4 Be7 8. Nc3 0-0 9. Qe2 Nc6 10. Rd1 Na5 11. Bd3 b6 12. Ne5 Bb7 13. Bc2 Nc6 14. Bb3 Nd5 15. Nxd5 exd5 16. Bf4 Rc8 17. Bc2 Bf6 18. Bf5 Rc7 19. Ng4 Nxd4 20. Nxf6+ Qxf6 21. Rxd4 Re7 22. Qd3 g6 23. Bg4 Ba6 24. Qd2 Rfe8 25. Be3 Bb7 26. Bf3 Re5 27. Rd1 Rd8 28. Bf4 Rf5 29. Bg4 1-0

[Event "Kaspersky op U16"]
[Site "Tornelo INT"]
[Date "2021.04.02"]
[Round "10"]
[White "Bialiauski, Artsiom"]
[Black "Pham, Huy Duc"]
[Result "1-0"]
[WhiteElo "2077"]
[BlackElo "1385"]
[PlyCount "121"]
[EventDate "2021.04.02"]
[EventType "swiss (blitz)"]
[EventRounds "11"]
[EventCountry "RUS"]
[SourceTitle "CBM 201 Extra"]
[Source "ChessBase"]
[SourceDate "2021.05.31"]
[SourceVersion "1"]
[SourceVersionDate "2021.05.31"]
[SourceQuality "1"]

1. d4 Nf6 2. Nf3 g6 3. c4 Bg7 4. Nc3 d6 5. Bg5 0-0 6. e3 Nbd7 7. Be2 h6 8. Bh4 e5 9. Qc2 Nb6 10. 0-0 exd4 11. exd4 Bf5 12. Bd3 Bxd3 13. Qxd3 g5 14. Bg3 Nh5 15. h4 Nxg3 16. fxg3 g4 17. Nh2 Qd7 18. Rad1 Rae8 19. b3 f5 20. Ne2 Qe6 21. Nf4 Qe3+ 22. Kh1 Qxd3 23. Rxd3 Re4 24. d5 Be5 25. Ne6 Rf7 26. Rf2 Re1+ 27. Nf1 c6 28. Kh2 cxd5 29. cxd5 Nd7 30. Ne3 f4 31. gxf4 Nc5 32. Nxc5 Bxf4+ 33. Rxf4 Rxf4 34. Nxb7 Rf6 35. Nxg4 Rg6 36. Rg3 Kh7 37. h5 Rg5 38. Nf6+ Kg7 39. Rxg5+ hxg5 40. Ne8+ Kh6 41. Nexd6 Kxh5 42. Nc4 Kh4 43. d6 g4 44. g3+ Kg5 45. d7 Rd1 46. d8Q+ Rxd8 47. Nxd8 Kf5 48. Nc6 a6 49. Nb4 a5 50. Nxa5 Ke5 51. Nbc6+ Kf5 52. b4 Kg5 53. b5 Kf5 54. b6 Ke6 55. b7 Kf5 56. b8Q Kg5 57. Qf4+ Kh5 58. Qf5+ Kh6 59. Qxg4 Kh7 60. Ne7 Kh6 61. Qg6# 1-0

[Event "Kaspersky op U16"]
[Site "Tornelo INT"]
[Date "2021.04.02"]
[Round "1"]
[White "Bialiauski, Artsiom"]
[Black "Wasilko, Szymon"]
[Result "1-0"]
[WhiteElo "2077"]
[BlackElo "1083"]
[PlyCount "75"]
[EventDate "2021.04.02"]
[EventType "swiss (blitz)"]
[EventRounds "11"]
[EventCountry "RUS"]
[SourceTitle "CBM 201 Extra"]
[Source "ChessBase"]
[SourceDate "2021.05.31"]
[SourceVersion "1"]
[SourceVersionDate "2021.05.31"]
[SourceQuality "1"]

1. d4 d5 2. Bd2 Nc6 3. Nf3 Bf5 4. c4 dxc4 5. e3 Nf6 6. Bxc4 e6 7. Nc3 Bd6 8. Qe2 Qd7 9. e4 Bg4 10. Be3 Bxf3 11. Qxf3 Bb4 12. 0-0 h5 13. Rad1 Bxc3 14. bxc3 h4 15. h3 0-0-0 16. Bg5 Rh5 17. Bxf6 gxf6 18. Qxh5 Na5 19. Bb3 Nxb3 20. axb3 e5 21. dxe5 Qe6 22. Qf5 Qxf5 23. exf5 Rxd1 24. Rxd1 fxe5 25. g3 hxg3 26. h4 f6 27. h5 gxf2+ 28. Kxf2 e4 29. h6 e3+ 30. Kxe3 b6 31. h7 Kb7 32. h8Q a5 33. Qe8 a4 34. bxa4 b5 35. a5 b4 36. Rb1 b3 37. Rxb3+ Ka6 38. Qa8# 1-0